| 000 | 00507nam a2200181Ia 4500 | ||
|---|---|---|---|
| 008 | 240925s9999 xx 000 0 und d | ||
| 020 | _a9781107014121 | ||
| 082 | _a658.4012 FLA | ||
| 100 | _aBelleflamme, Paul ; Peitz, Martin | ||
| 245 | 0 | _aIndustrial Organization: market and strategies | |
| 250 | _aNA | ||
| 260 |
_aNew York: _bCambridge University Press _c,2010. |
||
| 300 |
_axviii, 638p. _b0 _fOriginal |
||
| 500 | _aIncludes Index | ||
| 600 | _aManagement | ||
| 650 | _aManagement | ||
| 942 | _cBK | ||
| 999 |
_c15282 _d15282 |
||